Statystyki dla Jasper x Charazinsky quiz (kxp)

Kliknij tutaj aby rozwiązać quiz!

Ogólne statystyki

  • Ten quiz został rozwiązany 73 razy
  • Średni wynik to 5 z 15

Statystyki odpowiedzi

HintOdpowiedź% Poprawnych
imię mamy KacpraIza
74%
znajomiszymciak
58%
sklep chłopakówjxc.pl
48%
znajomimudormood
48%
wzrost Kacpra181
42%
wzrost Piotrka184
42%
data urodzin Kacpra (bez roku)31.07
42%
imię brata PiotrkaWojtek
42%
data urodzin Piotrka (bez roku)16.04
39%
o której godzinie są ich live20.00
39%
znajoma chłopaków z wyjazdusabinitta
26%
firma którą uwielbia KacperApple
10%
imię psa chłopakówMojlo
10%
znajoma chłopaków z wyjazdupatik
10%
znajoma Kacprawzalewska
3%

Rozkład punktacji

Percentyl według liczby udzielonych odpowiedzi

Procent ludzi z każdym wynikiem

Twoja historia wyników

Nie rozwiązałeś tego quizu